| 000 | 01032nam a2200301 a 4500 | ||
|---|---|---|---|
| 001 | 4011245 | ||
| 003 | ARRUPE | ||
| 005 | 20130927163112.0 | ||
| 008 | 950816s1995 sz a b 000 0 eng d | ||
| 010 | _a 96219760 | ||
| 020 | _a2825411604 (pbk.) | ||
| 035 | _a(OCoLC)32994800 | ||
| 040 |
_aPGL _cPGL _dUk _dDLC |
||
| 042 | _alccopycat | ||
| 050 | 0 | 0 |
_aBX2347.7 _b.H56 1995 |
| 100 | 1 |
_aHinton, Jeanne. _91670 |
|
| 245 | 1 | 0 |
_aWalking in the same direction : _ba new way of being church / _cJeanne Hinton. |
| 260 |
_aGeneva : _bWCC Publications, _cc1995. |
||
| 300 |
_ax, 106 p. : _bill. ; _c21 cm. |
||
| 440 | 0 |
_aRisk book series ; _vno. 67 _91671 |
|
| 504 | _aIncludes bibliographical references. | ||
| 650 | 0 |
_aBasic Christian communities. _91672 |
|
| 650 | 0 |
_aChristian communities _xCatholic Church. _91673 |
|
| 710 | 2 |
_aWorld Council of Churches. _91674 |
|
| 906 |
_a7 _bcbc _ccopycat _d3 _encip _f19 _gy-gencatlg |
||
| 942 |
_2lcc _cMONOGRAPH |
||
| 999 |
_c118145 _d118145 |
||